Sons de The Weeknd les plus streamés - Statistiques

Statistiques générales
  • Ce quiz a été pris 68 fois
  • Le résultat moyen est 13 sur 25
Statistiques - réponses
Rang Streams Titre % Correct
1 4,419,654,250 Blinding Lights
89%
2 3,434,558,792 Starboy
86%
3 2,385,424,222 The Hills
86%
5 2,078,636,336 Save Your Tears
76%
10 1,618,322,072 Save Your Tears - Remix
73%
7 1,796,893,126 I Feel It Coming
65%
6 1,856,341,745 Call Out My Name
62%
4 2,384,097,732 Die For You
62%
8 1,795,699,061 Can't Feel My Face
59%
20 966,303,569 Die For You - Remix
59%
9 1,717,266,472 Earned It
59%
17 1,005,593,553 Heartless
54%
19 985,136,032 After Hours
51%
16 1,016,787,407 Often
46%
21 961,689,986 In Your Eyes
43%
25 926,804,982 Moth To A Flame
41%
12 1,166,758,784 One Of The Girls
41%
14 1,064,599,027 Reminder
41%
15 1,053,171,256 I Was Never There
38%
24 933,033,536 Lost in the Fire
35%
22 953,765,877 Love Me Harder
32%
11 1,404,341,661 Creepin'
30%
13 1,141,316,964 Stargirl Interlude
27%
23 951,008,030 Pray For Me
22%
18 985,146,036 Or Nah - Remix
14%
Aucun quiz correspondant
Distribution des résultats
% des personnes avec chaque résultat
Percentile par nombre de réponses
Votre historique - résultats
Vous n’avez pas pris ce quiz